logo

Bir Sreshtho Munshi Abdur Rouf Library
Jhenaidah Cadet College

Automatic control components for mining / (Record no. 5405)

MARC details
000 -LEADER
fixed length control field 00892cam a22002771 4500
001 - CONTROL NUMBER
JCCL Control Number 5405
003 - CONTROL NUMBER IDENTIFIER
JCCL marc code BD-JhCC
005 - DATE AND TIME OF LATEST TRANSACTION
control field 20180303125517.0
008 - FIXED-LENGTH DATA ELEMENTS--GENERAL INFORMATION
fixed length control field 700415s1968 ru a 000 0 eng
035 ## - SYSTEM CONTROL NUMBER
system control number (BD-JhCC)5405
040 ## - CATALOGING SOURCE
Original cataloging agency DLC
Transcribing agency DLC
Modifying agency DLC
-- BD-JhCC
041 1# - LANGUAGE CODE
Language code of Book eng
050 00 - LIBRARY OF CONGRESS CALL NUMBER
Classification number TJ213
Item number .V5613
082 00 - DEWEY DECIMAL CLASSIFICATION NUMBER
Classification number 622
Author mark and Year VOL
100 1# - MAIN ENTRY--PERSONAL NAME
Personal name Volotkovskiĭ, S. A.
240 10 - UNIFORM TITLE
Uniform title Tekhnicheskie sredstva avtomatiki v gornoĭ promyshlennosti.
245 10 - TITLE STATEMENT
Title Automatic control components for mining /
Statement of responsibility, etc [by] S. Volotkovsky [and others] Translated from the Russia [sic] by Boris Kuznetsov.
260 ## - PUBLICATION, DISTRIBUTION, ETC. (IMPRINT)
Place of publication, distribution, etc Moscow,
Name of publisher, distributor, etc Mir,
Date of publication, distribution, etc 1968.
300 ## - PHYSICAL DESCRIPTION
Pagination 313, [1] p.
Other physical details illus.
Dimensions 22 cm.
350 ## - PRICE (NR) (BK AM CF MU VM SE) [OBSOLETE]
Price unpriced
500 ## - GENERAL NOTE
General note Translation of Tekhnicheskie sredstva avtomatiki v gornoĭ promyshlennosti.
650 #0 - SUBJECT ADDED ENTRY--TOPICAL TERM
Topical term or geographic name as entry element Automatic control.
650 #0 - SUBJECT ADDED ENTRY--TOPICAL TERM
Topical term or geographic name as entry element Mining engineering.
942 ## - ADDED ENTRY ELEMENTS (KOHA)
Source of classification or shelving scheme Dewey Decimal Classification
Koha item type Books
Holdings
Source of classification or shelving scheme Damaged status Not for loan Home library Current library Shelving location Date of accession Total Checkouts Full call number Barcode Date last seen Copy number Koha item type
Dewey Decimal Classification     JCC Rouf Library JCC Rouf Library General Stacks 12/13/2017   622 VOL 7557 12/13/2017 C-1 Books

JCC Library | Contacts | JCC Home

Last Update on 23 September 2017
Copyright @ 2017-2020 JCC Rouf Library
Rouf Library, Jhenidah Cadet College (JCC), Bangladesh